| 000 | 00462cam a22001337a 4500 | ||
|---|---|---|---|
| 008 | 180718b2002 xxu||||| |||| 00| 0 eng d | ||
| 100 | _aKee, Looi Hiau | ||
| 245 |
_aMarkups, returns to scale, and productivity: a case study of Singapore's manufacturing sector _cby Hiau Looi Kee |
||
| 260 |
_aWashington, D.C. _bWorld Bank _c2002 |
||
| 300 | _a37p. | ||
| 440 | _aPolicy Research Working Paper, no. 2857 | ||
| 650 | _aProductivity | ||
| 650 | _aManufacturing sector | ||
| 999 |
_c288326 _d288326 |
||